Histórias e lendas da América (Registo nº 571)

Detalhes MARC
000 -Etiqueta do registo
Cabeçalho 00930nam0a2200277 4500
005 - Identificador da versão
Campo de controlo 20240813121807.0
095 ## -
-- PTBN00684894
010 ## - Número internacional normalizado dos livros (ISBN)
Número (ISBN) 9722109588
021 ## - Número do Depósito Legal
Código do país PT
Número 78474/94
100 ## - Dados gerais de processamento
Dados gerais de processamento 20150924d1994 a y0pory5003 ba
102 ## - Pais de publicação ou produção
País de publicação Portugal
101 0# - Língua de publicação
Língua do texto, banda sonora, etc. Português
215 ## - Descrição física 
Indicação específica da natureza do documento e extensão da espécie 152 p.
Outras indicações físicas il. color
200 1# - Titulo e menção de responsabilidade
Título próprio Histórias e lendas da América
Primeira menção de responsabilidade Ana Maria Magalhães, Isabel Alçada
Outras menções de responsabilidade il. de Carlos Marques
210 ## - Publicação, Distribuição, etc. 
Lugar da edição, distribuição, etc. Lisboa
Nome do editor, distribuidor, etc. Caminho
Data da publicação, distribuição, etc. cop. 1994
314 ## - Notas relativas a responsabilidade intelectual 
Texto da nota Isabel Alçada é um pseudónimo de Maria Isabel Girão de Melo Veiga Vilar
606 ## - Nome comum usado como assunto
Número de registo de entrada de autoridade 0002164
Palavra de ordem Literatura portuguesa
Subdivisão de assunto Lendas
Código do sistema CA
675 ## - Classificação Decimal Universal (CDU)
Notação 821.134.3-343
Edição 3ª ed.
Língua da edição por
702 #1 - Nome de autor-pessoa física (responsabilidade secundária)
Número de registo de entrada de autoridade 0000676
Palavra de ordem Marques
Outra parte do nome não tomada para palavra de ordem Carlos
Código de função Ilustrador / Técnico de desenho computorizado
701 #1 - Nome de autor-pessoa física (co-responsabilidade principal)
Palavra de ordem Alçada
Outra parte do nome não tomada para palavra de ordem Isabel
Elementos de identificação ou distinção pseud.
-- e outro
Datas 1950-
Código de função Autor / Co-autor
700 #1 - Nome de autor-pessoa física (responsabilidade principal)
Número de registo de entrada de autoridade 0002574
Palavra de ordem Magalhães
Outra parte do nome não tomada para palavra de ordem Ana Maria
Elementos de identificação ou distinção e outro
Datas 1946-
966 ## - Identificação da Biblioteca
Sigla EB2,3ENM
942 ## - Elementos de entrada adicionados (Koha)
Tipo de item no Koha Livro
Exemplares
Situação do levantamento Origin of item (home branch) (coded) Biblioteca de empréstimo Código de barras Cota Circulation type (not for loan) Tipo de documento Nota do exemplar Damaged status
  Biblioteca Escolar Eng. Nuno Mergulhão Biblioteca Escolar Eng. Nuno Mergulhão BENM974 82LP-34 MAG   Livro Sem mensagem